| Tag |
First Indicator |
Second Indicator |
Subfields |
| LEADER |
00000cam a2200000 a 4500 |
| 001 |
in00000009916 |
| 005 |
20151007051602.0 |
| 008 |
870804c19881987nyu 000 1 eng |
| 010 |
|
|
|a 87047811
|
| 020 |
|
|
|a 0345351738 :
|c $17.95
|
| 035 |
|
|
|a (OCoLC)16756201
|
| 035 |
|
|
|9 AAA3752AM
|
| 040 |
|
|
|a DLC
|c DLC
|d TXA
|d UtOrBLW
|
| 049 |
|
|
|a TXAM
|c 1 [12555958], 2 [A12442697]
|a TXAS [scif]
|c 3
|
| 050 |
0 |
0 |
|a PR6005.L36
|b A617 1988
|
| 082 |
0 |
0 |
|a 823/.914
|2 19
|
| 100 |
1 |
|
|a Clarke, Arthur C.
|q (Arthur Charles),
|d 1917-2008.
|
| 245 |
1 |
0 |
|a 2061 :
|b odyssey three /
|c Arthur C. Clarke.
|
| 250 |
|
|
|a 1st ed.
|
| 264 |
|
1 |
|a New York :
|b Ballantine Books,
|c 1988
|
| 264 |
|
4 |
|c ©1987
|
| 300 |
|
|
|a xiii, 279 pages ;
|c 25 cm.
|
| 336 |
|
|
|a text
|b txt
|2 rdacontent
|
| 337 |
|
|
|a unmediated
|b n
|2 rdamedia
|
| 338 |
|
|
|a volume
|b nc
|2 rdacarrier
|
| 500 |
|
|
|a "A Del Rey book."
|
| 740 |
0 |
|
|a Two thousand-sixty one.
|
| 740 |
0 |
|
|a Odyssey three.
|
| 999 |
|
|
|a MARS
|
| 999 |
f |
f |
|s 72b464ec-8779-3d0a-bc62-afdbe770ed1c
|i 08619ba2-6a16-32f9-bfdd-b395b481122d
|t 0
|
| 952 |
f |
f |
|p noncirc
|a Texas A&M University
|b College Station
|c Cushing Memorial Library & Archives
|d Cushing: Science Fiction (Does not check out)
|t 0
|e PR6005.L36 A617 1988
|h Library of Congress classification
|i unmediated -- volume
|
| 952 |
f |
f |
|p normal
|a Texas A&M University
|b College Station
|c Sterling C. Evans Library
|d Evans: Library Stacks
|t 0
|e PR6005.L36 A617 1988
|h Library of Congress classification
|i unmediated -- volume
|m A14812442697
|
| 998 |
f |
f |
|a PR6005.L36 A617 1988
|t 0
|l Evans: Library Stacks
|
| 998 |
f |
f |
|a PR6005.L36 A617 1988
|t 0
|l Cushing: Science Fiction (Does not check out)
|